1802 1408 1147 1271 1528 1695 1321 1492 1044 1904 1222 1280 1941 1095 1047 1743 1353 1357 1244 1596 1606 1894 1964 1140 1501 1080 1730 1481 1299 1987 1588 1195 1880 1442 1182 1897 1328 1715 1175 1300 1899 1400 1743 1299 1457 1388 1015 1987 1136 1019 1466 1106 1707 1086 1676 1558 1767 1202 1839 1551 1788 1341 1522 1698 1756 1978 1634 1015 1906 1222 1488 1155 1738 1765 1860 1872 1254 1450 1540 1436 1865 1518 1498 1839 1636 1985 1841 1379 1498 1155 1461 1004 1240 1492 1601 1076 1341 1966 1127 BCNSPRNW ULIB Ver.6.0+V

เปลี่ยนเป็นภาษาไทย

Change to English
 แสดงรายละเอียดบรรณานุกรม
  กลับหน้าหลัก

Brief Record : Get Marc (ISO 2709) : E-mail record : QR code < ปิดหน้าต่าง
LEADER : 00000nam 2200000uu 4500
001    13399110921
003     ULIB
008    110613s||||||||th 000 0 tha d
020    9749183320
050  4 AC158^bจ829ด 2004
100    แจ๊กกี้ ก๊าฟฟ์
245    เด็กๆรู้ไหมทำไมบนยอดเขามีหิมะ/ ^cผู้แต่ง แจ๊กกี้ ก๊าฟฟ์
260    กรุงเทพฯ : ^bโกรเลียร์ อินเตอร์เนชั่นแนล, ^c2004
300    32 หน้า : ^bภาพประกอบสี ; ^c28 ซม.
650  7 ความรู้รอบตัว
650  7 หิมะ
650  7 ภูเขา
945    ^p350^l0^i029017
995    ทศพร
999 ^a ใช้งานได้ทุกระบบ
รายการนี้ยังไม่มีแท็ก
คุณยังไม่ได้ล็อกอิน คุณสามารถมีกิจกรรมร่วมกับเว็บไซต์ได้ แต่ต้องล็อกอินก่อน ::
  ล็อกอิน

รายการสื่อสารสนเทศ

ลำดับที่ ประเภท เลขเรียก/บาร์โค้ด สถานที่ สถานะ
- ไม่พบข้อมูล -

รายการใกล้เคียง
    ผู้แต่ง [แจ๊กกี้ ก๊าฟฟ์]

    หัวเรื่อง [ความรู้รอบตัว]

BibComment


ยังไม่เคยถูกคอมเมนท์

คอมเมนท์ทรัพยากรรายการนี้
  คอมเมนท์: เด็กๆรู้ไหมทำไมบน..


 Copyright 2026. Bcnsprnw @Library